PHYCHOLOGY (Record no. 23151)

MARC details
000 -LEADER
fixed length control field 00283nam a22001457a 4500
003 - CONTROL NUMBER IDENTIFIER
control field SGT
020 ## - INTERNATIONAL STANDARD BOOK NUMBER
International Standard Book Number 81-7450-660-8
082 ## - DEWEY DECIMAL CLASSIFICATION NUMBER
Classification number 150
Item number NCE
100 ## - MAIN ENTRY--PERSONAL NAME
Personal name NCERT
245 ## - TITLE STATEMENT
Title PHYCHOLOGY
260 ## - PUBLICATION, DISTRIBUTION, ETC. (IMPRINT)
Place of publication, distribution, etc NCERT NEW DELHI
Year of Publication 2007
300 ## - PAGE DESCRIPTION
No. of Pages 208
650 ## - SUBJECT ADDED ENTRY--TOPICAL TERM
Topical term or geographic name as entry element EDUCATION
942 ## - ADDED ENTRY ELEMENTS (KOHA)
Source of classification or shelving scheme Dewey Decimal Classification
Koha item type Books
Holdings
Withdrawn status Lost status Source of classification or shelving scheme Damaged status Not for loan Home library Current library Date acquired Vendor Name Cost, normal purchase price SGTU Full call number Accession No. (Barcode) Date last seen Bill Date Koha item type
    Dewey Decimal Classification     SGT Engineering Library SGT Engineering Library 09/08/2022 A B C PVT LTD 95.00 SGTU 150 NCE ED5032 09/08/2022 09/08/2022 Books